000 00725nam a2200289Ia 4500
005 20260324115834.0
008 008 260324s9999 xx 000 0 eng d
020 _a9781315370897
037 _aEBOOK
040 _aCRL
040 _beng
040 _cCRL
041 _2eng
041 _aeng
084 _qCRL
100 _aAdedeji B. Badiru; Vhance V. Valencia; Christina F. Rusnock
_91156204
245 0 _aProject Management for Research
245 2 _bA Guide for Graduate Students
260 _bTaylor and Francis
260 _c2016
365 _a
365 _b195
856 _uhttp://www.taylorfrancis.com/books/9781315370897
942 _cEBOOK
999 _c1747378
_d1747378